A righteousness of God for unrighteous men: (Record no. 16387)

000 -LEADER
fixed length control field 00652nam a2200181 a 4500
001 - CONTROL NUMBER
control field :::00019270$&:&@@
003 - CONTROL NUMBER IDENTIFIER
control field OkBaRHE
005 - DATE AND TIME OF LATEST TRANSACTION
control field 20010301095419.0
008 - FIXED-LENGTH DATA ELEMENTS--GENERAL INFORMATION
fixed length control field s1926 j 000 0 eng u
040 ## - CATALOGING SOURCE
Transcribing agency
100 1# - MAIN ENTRY--PERSONAL NAME
Personal name Forrester, E. J.
245 12 - TITLE STATEMENT
Title A righteousness of God for unrighteous men:
Remainder of title being an exposition of the Epistle to the Romans.
260 ## - PUBLICATION, DISTRIBUTION, ETC. (IMPRINT)
Place of publication, distribution, etc New York, NY.,
Name of publisher, distributor, etc George H. Doran Company
Date of publication, distribution, etc c1926
300 ## - PHYSICAL DESCRIPTION
Extent 296 p. ;
Dimensions 20 cm.
650 ## - SUBJECT ADDED ENTRY--TOPICAL TERM
Topical term or geographic name as entry element Bible New Testament Romans
General subdivision Criticism, Interpretation, etc.
942 ## - ADDED ENTRY ELEMENTS (KOHA)
Source of classification or shelving scheme
Koha item type Books
Copies
Copy number Barcode Permanent Location Not for loan Price effective from Date last seen Source of classification or shelving scheme Withdrawn status Date acquired Shelving location Koha item type Damaged status Full call number Lost status
119270RHEMA Bible Training College 2010-04-142018-03-28  2010-04-14General StacksBooks BS 2665 .F587